<?xml version="1.0" encoding="UTF-8"?>
<record
    xmlns:xsi="http://www.w3.org/2001/XMLSchema-instance"
    xsi:schemaLocation="http://www.loc.gov/MARC21/slim http://www.loc.gov/standards/marcxml/schema/MARC21slim.xsd"
    xmlns="http://www.loc.gov/MARC21/slim">

  <leader>02454nam a2200217Ia 4500</leader>
  <controlfield tag="003">IT-RoPAU</controlfield>
  <controlfield tag="005">20220918175908.0</controlfield>
  <controlfield tag="008">120407s9999    xx            000 0 und d</controlfield>
  <datafield tag="040" ind1=" " ind2=" ">
    <subfield code="a">IT-RoPAU</subfield>
  </datafield>
  <datafield tag="040" ind1=" " ind2=" ">
    <subfield code="c">IT-RoPAU</subfield>
  </datafield>
  <datafield tag="041" ind1=" " ind2=" ">
    <subfield code="a">ita</subfield>
  </datafield>
  <datafield tag="100" ind1=" " ind2=" ">
    <subfield code="a">Alberione, Giacomo</subfield>
    <subfield code="c">ssp</subfield>
    <subfield code="9">14</subfield>
  </datafield>
  <datafield tag="245" ind1=" " ind2=" ">
    <subfield code="a">Meditazioni per consacrate secolari</subfield>
    <subfield code="b">A cura del Sac. Gabriele Amorth, ssp</subfield>
  </datafield>
  <datafield tag="250" ind1=" " ind2=" ">
    <subfield code="a">1&#xB0; ed.</subfield>
  </datafield>
  <datafield tag="260" ind1=" " ind2=" ">
    <subfield code="a">Roma</subfield>
    <subfield code="b">Edizioni Paoline</subfield>
    <subfield code="c">1976</subfield>
  </datafield>
  <datafield tag="300" ind1=" " ind2=" ">
    <subfield code="a">510 p.</subfield>
    <subfield code="c">18,5 cm</subfield>
  </datafield>
  <datafield tag="490" ind1=" " ind2=" ">
    <subfield code="a">Opera  Omnia, 4</subfield>
  </datafield>
  <datafield tag="520" ind1=" " ind2=" ">
    <subfield code="a">INDICE
Presentazione;
1)Istituti Secolari;
2)Apostolato e voti;
3)Triplice ordine di meriti;
4)La consacrazione negli Istituti secolari;
5)Obbedienza dell'anima consacrata;
6)La preghiera;
7)L'Istituto Maria SS. Annunziata;
8)Triplice prova;
9)Identit&#xE0; degli istituti Secolari;
10)Vocazione e apostolato;
11)Povert&#xE0;;
12)Castit&#xE0; e obbedienza;
13)Tre ricordi;
14)Per fare bene gli esercizi;
15)La morte;
16)Istituti Secolari in genere;
17)Confessione e comunione;
18)Unione con Dio;
19)Meriti e gloria per il paradiso;
20)Stato privilegiato;
21)Caratteristiche degli Istituti Secolari;
22)Voti e mezzi per osservarli;
23)La Madonna-L'apostolato;
24)La fede;
25)Veri eroi nel mondo;
26)La vocazione;
27)Retta intenzione;
28)Forme di preghiera;
29)Valore della preghiera;
30)Il fine;
31)Istruzioni sullo Statuto;
32)Che cos'&#xE8; la morte?;
33)Giudizio-Confessione-Direzione;
34)La confessione;
35)Il paradiso;
36)L'obbedienza;
37)La preghiera per l'anima apostolica;
38)Messa delle professioni;
39)I misteri del rosario;
40)Amore a Dio;
41)L'Annunciazione;
42)Riparazione;
43)I voti;
44)Donazione e apostolato;
45)Progredire;
46)Invito alla vita comune;
47)Santit&#xE0; di ognuna;
48)Istituti Secolari e gruppi di vita comune;
49)Il problema della salvezza;
50)Incontri con Cristo;
51)Virt&#xF9; teologali;
52)Bibbia e sua diffusione;
53)I novissimi;
54)Vocazione e vita consacrata;
55)Orientare la spiritualit&#xE0;;
56)Carit&#xE0;;
57)L'umilt&#xE0;;
58)Ges&#xF9; Maestro, Via Verit&#xE0; e Vita;
59)Unione a Cristo;
60)La devozione alla Madonna;
61)Commento a un discorso del Papa;
62)Il Papa, successore di san Pietro;
63)Zizzania e buon grano;
64)Preparazione al Natale;
65)Santificare il tempo;
66)Visita Eucaristica-Visita;
67)Disciplina interiore;
68)Spiritualit&#xE0; paolina;
69)Ricordo per la professione. la meditazione;
70)Santificare l'inizio della giornata;
71)Carit&#xE0;-Esempi di Ges&#xF9;;
Data e occasione delle meditazioni.</subfield>
  </datafield>
  <datafield tag="942" ind1=" " ind2=" ">
    <subfield code="c">BK</subfield>
    <subfield code="2">ddc</subfield>
  </datafield>
  <datafield tag="999" ind1=" " ind2=" ">
    <subfield code="c">35371</subfield>
    <subfield code="d">35371</subfield>
  </datafield>
  <datafield tag="952" ind1=" " ind2=" ">
    <subfield code="0">0</subfield>
    <subfield code="1">0</subfield>
    <subfield code="2">ddc</subfield>
    <subfield code="4">0</subfield>
    <subfield code="6">P_A6</subfield>
    <subfield code="7">1</subfield>
    <subfield code="a">PAULUS</subfield>
    <subfield code="b">PAULUS</subfield>
    <subfield code="d">2012-04-11</subfield>
    <subfield code="l">0</subfield>
    <subfield code="o">P A6</subfield>
    <subfield code="r">2012-04-11 00:00:00</subfield>
    <subfield code="w">2012-04-11</subfield>
    <subfield code="y">BK</subfield>
    <subfield code="z">Inserito da: Sergio In data: 27 settembre 2011 fondo: Via A.Severo 56 Progr:26145</subfield>
  </datafield>
  <datafield tag="952" ind1=" " ind2=" ">
    <subfield code="0">0</subfield>
    <subfield code="1">0</subfield>
    <subfield code="2">ddc</subfield>
    <subfield code="4">0</subfield>
    <subfield code="6">P_A6</subfield>
    <subfield code="7">1</subfield>
    <subfield code="a">PAULUS</subfield>
    <subfield code="b">PAULUS</subfield>
    <subfield code="d">2012-12-07</subfield>
    <subfield code="l">0</subfield>
    <subfield code="o">P A6</subfield>
    <subfield code="r">2012-12-07 00:00:00</subfield>
    <subfield code="w">2012-12-07</subfield>
    <subfield code="y">BK</subfield>
  </datafield>
  <datafield tag="952" ind1=" " ind2=" ">
    <subfield code="0">0</subfield>
    <subfield code="1">0</subfield>
    <subfield code="2">ddc</subfield>
    <subfield code="4">0</subfield>
    <subfield code="6">P_A6</subfield>
    <subfield code="7">1</subfield>
    <subfield code="a">PAULUS</subfield>
    <subfield code="b">PAULUS</subfield>
    <subfield code="d">2012-12-07</subfield>
    <subfield code="l">0</subfield>
    <subfield code="o">P A6</subfield>
    <subfield code="r">2012-12-07 00:00:00</subfield>
    <subfield code="w">2012-12-07</subfield>
    <subfield code="y">BK</subfield>
  </datafield>
  <datafield tag="952" ind1=" " ind2=" ">
    <subfield code="0">0</subfield>
    <subfield code="1">0</subfield>
    <subfield code="2">ddc</subfield>
    <subfield code="4">0</subfield>
    <subfield code="6">P_A6</subfield>
    <subfield code="7">1</subfield>
    <subfield code="a">PAULUS</subfield>
    <subfield code="b">PAULUS</subfield>
    <subfield code="d">2012-12-07</subfield>
    <subfield code="l">0</subfield>
    <subfield code="o">P A6</subfield>
    <subfield code="r">2012-12-07 00:00:00</subfield>
    <subfield code="w">2012-12-07</subfield>
    <subfield code="y">BK</subfield>
  </datafield>
</record>
